00655 2200253 4500001002100000005001700021008004100038020001800079035002400097082000800121090001500129100001200144245004600156250001000202260003800212300002100250500002800271500003100299650002400330850001400354980001200368985000600380999001500386YOGYA-0209000001130220090227022121.0 ind  a979-414-546-7 0010-020900000011302 a350 a350bSuk A aSUKARNA aAdministrasi negara perbandingancSukarna aCet.1 aBandungbCitra aditya Baktic1990 a... jilidc21 cm aYang diterima : Jilid 3 aBibliografi : hlm. 112-114 aAdministrasi negara aYOPDYOG B a15-9-05 a1 a95P0074299